Quizzes
Events
Quiz Creation
Community
Videos
Private Events
Remove Ads
Sign In
Join for FREE
Feedback
Dark Mode
Quiz Categories
Sports
Geography
Music
Movies
Television
Just For Fun
Miscellaneous
History
Literature
Language
Science
Gaming
Entertainment
Religion
Holiday
For Kids
Quiz Lab
Recent
Popular Today
Quiz Kudos Today
Editor Picks
Curator Picks
Quizzes by...
Day
Popularity
Type
Ratings
Length
Year
Community
Subscriptions
Recent Discussions
Orange Saloon
Badges
Playlists
Quests
Create
Leaderboards
Showdown
Live 5
Trivia Bingo
Activity
Puzzle Library
Sporcle Events
Private Events
Virtual Trivia
Globe League
Become a Host
Pub Owners
SporcleCon
Opinionation
Our Games
Videos
Blog
Mobile Apps
Partnerships
Remove Ads and Go Orange
Feedback
Sports
Athletes
MLB
NBA
NHL
NFL
Soccer
Sports Teams
WWE
NCAA
Football
Premier League
Basketball
Baseball
Hockey
Golf
Tennis
Cricket
Rugby
Auto Racing
Olympics
World Cup
Sports
Athletes
MLB
NBA
NHL
NFL
Soccer
Sports Teams
WWE
NCAA
Football
Premier League
Basketball
Baseball
Hockey
Golf
Tennis
Cricket
Rugby
Auto Racing
Olympics
World Cup
Random Quiz
Search Sporcle
×
Quiz Lab
Quiz Lab
Sports
NBA
Type in answers that appear in a list
Type in answers that appear in a list
Classic
Best Score? Go Orange.
NBA (Career Scoring Leaders) Stats
Can you name the top 50 scoring leaders in NBA History?
By
tpoulim
10m
50 Questions
183 Plays
183 Plays
183 Plays
Comments
Comments
Give Quiz Kudos
Give Quiz Kudos
-
- Ratings
hide this ad
More Info
Forced Order
Answers have to be entered in order
Answers have to be entered in order
Replay
Link that replays current quiz
Next Quiz
Link to next quiz in quiz playlist
You Got
0%
They Got
Avg Score
84%
Avg Friend Score
Upgrade to see
Score Distribution
Jump to the score distribution portion of the page
Score
0/50
Timer
10:00
0
Plays Today
Points (per game)
Player
% Correct
32.292 (30,1)
Michael Jordan
100%
38.387 (24,6)
Kareem Abdul-Jabbar
99.5%
33.643 (25)
Kobe Bryant
99.5%
37.062 (27,1)*
LeBron James
99.5%
28.596 (23,7)
Shaquille O'Neal
99.5%
36.928 (25)
Karl Malone
98.9%
31.419 (30,1)
Wilt Chamberlain
98.9%
26.496 (19,0)
Tim Duncan
98.9%
31.560 (20,7)
Dirk Nowitzki
98.4%
26.071 (17,8)
Kevin Garnett
97.3%
26.946 (21,8)
Hakeem Olajuwon
96.7%
28.289 (22,5)*
Carmelo Anthony
96.7%
26.397 (19,7)
Paul Pierce
95.6%
25.279 (18,2)
Reggie Miller
95.6%
25.728 (16,7)
Vince Carter
95.1%
21.791 (24,3)
Larry Bird
95.1%
27.409 (20,6)
Moses Malone
94.5%
24.368 (26,7)
Allen Iverson
94.5%
25.526 (27,2)*
Kevin Durant
94.5%
25.192 (27,0)
Jerry West
94%
24,815 (21,0)
Patrick Ewing
94%
23.165 (22,0)
Dwyane Wade
94%
26.710 (25,7)
Oscar Robertson
92.9%
26.668 (24,8)
Dominique Wilkins
91.8%
23.757 (22,1)
Charles Barkley
91.3%
Points (per game)
Player
% Correct
26.395 (20,8)
John Havlicek
90.7%
24.505 (18,9)
Ray Allen
90.7%
20.790 (21,1)
David Robinson
90.7%
23.477 (24,9)*
James Harden
89.7%
23.298 (22,8)*
Russell Westbrook
89.7%
22.195 (20,4)
Clyde Drexler
87.4%
21.813 (16,3)
Gary Payton
85.8%
20.894 (17,0)
Pau Gasol
85.2%
25.613 (21,5)
Alex English
83.1%
20.936 (18,1)*
Chris Paul
82.8%
27.313 (21,0)
Elvin Hayes
82%
23.149 (27,4)
Elgin Baylor
80.9%
23.334 (14,5)
Robert Parish
80.3%
20.708 (26,2)
George Gervin
79.8%
20.064 (24,3)*
Stephen Curry
79.3%
20.405 (16,0)
Joe Johnson
78.1%
20.880 (26,4)
Bob Pettit
74.3%
20.558 (19,1)*
LaMarcus Aldridge
72.4%
19.869 (20,8)*
DeMar DeRozan
69%
23.177 (24,3)
Adrian Dantley
66.7%
20.497 (21,0)
Mitch Richmond
65.6%
20.042 (18,5)
Antawn Jamison
57.4%
21.586 (19,2)
Hal Greer
53%
20.049 (18,1)
Tom Chambers
48.1%
20.941 (20,1)
Walt Bellamy
43.2%
Quiz Playlist
Details
Report
Send in Message
Add To Playlist
More Info:
The quiz will be updated soon after the end of each season. * Active players
Classic:
Type in answers that appear in a list
Forced Order:
Answers have to be entered in order
Last Updated: Aug 12, 2022
Quiz Scoreboard
CHALLENGE
Sign Up to Join the Scoreboard
Show All
Scores
Hide
Comments
May contain spoilers
Recently Published
Billboard Blitz: Fleetwood Mac
by CooCooCachoo
Music
15s
Presidents Visiting Landmarks
by Hejman
History
7m
An Introduction to Baseball
by treessimontrees
Sports
5m
More to Explore
Quiz From the Vault
Featured Blog Post
Where Did the Easter Bunny Come From?
hide this ad
You Might Also Like...
Tags
NBA Quiz
NBA Player
NBA Points
Today's Top Quizzes in Sports
Browse Sports
hide this ad
Today's Top Quizzes in NBA
Browse NBA
Top Contributed Quizzes in Sports
1
Les meilleurs buteurs des matchs entre le PSG et l’OM
2
2022 World Cup Stars
3
FIFA Club World Cup Champions
4
Les entraîneurs de l'OM et du PSG au 21e siècle
5
Criteria MLB: Left Handed Sluggers
6
Name the Premier League winners with different clubs
7
5-to-1: UK Sports Teams
8
AFC Teams Reveal (Wrong Answers Minefield)
9
Players with Multiple 50 Home Run Seasons
10
5-to-1: FBS Animal Nicknames
Explore More
Trending Topics
Disney
Kpop
Crossword
Harry Potter
Marvel
Anime
NBA
Country
Puzzle
Pokémon
Song
Soccer
The Office
NFL
WWE
hide this ad
More By:
tpoulim
Quiz
Plays
Rating
Category
Featured
Created
Avengers: Endgame ~Characters
8,140
4.67
Movies
Apr 25, 2019
MCU (All Characters)
6,546
4.74
Movies
Apr 30, 2018
Avengers: Infinity War ~Characters
4,329
3.88
Movies
Apr 29, 2018
The Office (All Episodes)
2,755
5.00
Television
Oct 24, 2018
Better Call Saul (All Episodes)
2,005
4.29
Television
Aug 11, 2018
Go to Creator's Profile
Score Distribution
Quiz Creator Spotlight
tpoulim
Follow
Send a Message
Quizzes Created
-
Created Quiz Play Count
-
More By This Creator
Popular Quizzes Today
1
Find the US States - No Outlines Minefield
2
Find the Countries of Europe - No Outlines Minefield
3
The Countries of the World
4
Find the US States
5
US States
6
Popular People in 1961
7
Risky Map Clicking: Biggest States A-Z
8
Movies - When Are They Set?
More Sports Quizzes
Top 50 Real Madrid Champions League Appearances
Quiz Lab
Trending Quizzes
Risky Map Clicking: Least Populous States A-Z
1-10 Letter G Words
1-10 Letter F Words
Risky Map Clicking: Next State Alphabetically
Risky Map Clicking: Biggest States A-Z
Recently Updated
Leaping Animals
pecheneg
Reality TV Shows (A-Z)
bhenderson79
Rickey Henderson's Hall of Fame Teammates
pecheneg
Champions League XIs: Arsenal
pecheneg
Quick Pick: Celebrities in WWE's Hall of Fame
aduchscher
A-Z Keypad Blitz II
pecheneg
Multiple Oscar Actors
pecheneg
Mystery Phrase Blitz: Oscar 'Best Actors'
pecheneg
F. Scott Fitzgerald Novels
LTH
Pick 3 Villains
ddd62291
Trending Topics
NBA
Marvel
Harry Potter
Kpop
Disney
Crossword
Anime
Country
NFL
Puzzle
Song
WWE
Soccer
Pokémon
The Office
Your Account Isn't Verified!
In order to create a playlist on Sporcle, you need to verify the email address you used during registration. Go to your
Sporcle Settings
to finish the process.
Report this User
Report this user for behavior that violates our
Community Guidelines
.
Details:
Send Report
Go to the Sporcle.com Mobile Site →
Comments